Propietarios La Que Se Avecina LQSA - Estadísticas

Estadísticas generales
  • Esta prueba ha sido intentada 113 veces
  • La puntuación promedio es 32 de 44
Estadísticas de respuestas
Hint Respuesta % Correcto
Pescadería Antonio Recio
100%
1ºA Antonio Recio
100%
1ºC Antonio Recio
100%
1ºA Toñín
100%
Max and Henry Enrique Pastor
99%
Bajo B Enrique Pastor
99%
Ático A Enrique Pastor
99%
2ºA Maite Figueroa
97%
Bajo A Amador Rivas
96%
2ºA Amador Rivas
96%
La cueva de Coque Coque Calatrava
96%
Bajo A Maite Figueroa
96%
Pescadería Berta Escobar
95%
1ºA Berta Escobar
95%
1ºC Berta Escobar
95%
Ático B Javier Maroto
92%
Bajo A Lola Trujillo
92%
Ático B Lola Trujillo
92%
Max and Henry Araceli Madariaga
88%
Ático A Judith Becker
88%
Bajo B Araceli Madariaga
86%
Bajo B Judith Becker
86%
2ºB Vicente Maroto
86%
Bajo A Izaskun Sagastume
77%
2ºA Izaskun Sagastume
77%
2ºB Gregoria Gutiérrez
74%
Ático A Sergio Arias
74%
2ºC Josefina Palomares
73%
1ºB Leonardo Romaní
70%
Bajo A Mari Tere
70%
2ºA Mari Tere
70%
2ºC Germán Palomares
64%
1ºB Bruno Quiroga
63%
Ático A Yolanda Morcillo
56%
Ático A María del Carmen Carrascosa
51%
2ºB Cristina Aguilera
36%
1ºC Parrales
36%
2ºB Agus
26%
2ºA Edurne Berrikaetxebarria
21%
1ºA Nines Chacón
21%
Marisquería Cabaret - Templo Kundalini Desconocido
15%
2ºA Agustín Gordillo
8%
Bajo A Banco
7%
2ºC Banco
7%
No se encontraron pruebas coincidentes
Distribución de puntuación
Porcentaje de gente con cada puntuación
Porcentaje por número respondido
Historial de tus puntuaciones
No has intentado esta prueba.